Noms anglais d'objets en images #1 - Statistiques

Statistiques générales
  • Ce quiz a été pris 1 441 fois
  • Le résultat moyen est 6 sur 20
Statistiques - réponses
Par images Réponse % Correct
Remote control
63%
Zip (UK) / Zipper (US)
59%
Fan
49%
Nails
49%
Tire
48%
Screwdriver
46%
Slide
42%
Compass
38%
Match
36%
Faucet (UK) / Tap (US)
28%
Paperclip
26%
Pencil sharpener
25%
Horseshoe
23%
Cotton bud (UK) / Cotton swab (US)
22%
Hourglass
22%
Stapler
12%
Bottle cap / Bottle top
11%
Watering can
7%
Clothes peg (UK) / Clothespin (US)
5%
Recorder
5%
Aucun quiz correspondant
Distribution des résultats
% des personnes avec chaque résultat
Percentile par nombre de réponses
Votre historique - résultats
Vous n’avez pas pris ce quiz